000 00523nam a2200193Ia 4500
005 20250508160439.0
008 008 250505s9999 xx 000 0 eng d
037 _aTextual
040 _aFEDL
_beng
_cFEDL
041 _aeng
_2eng
084 _a301.44954, GHU
_qFEDL
100 _aGhurye G. S.
245 0 _aCaste and race in India
260 _aBombay, India
_bPopular Prakashan
_c1969
300 _avi,504p.
650 _aSociology
942 _cTEXL
_h301.44954, GHU
999 _c1364661
_d1364661